000 00365nam a22001577a 4500
003 OSt
008 200714b ||||| |||| 00| 0 eng d
082 _a572 SHB
100 _aShekhar, Chandra
245 _aBiochemistry
250 _a2019
260 _aAgra
_bR. Narain
300 _a208
650 _aApplied Biochemistry and clinical chemistry
942 _2ddc
_cBK
999 _c8915
_d8915